| 000 | 00586nam a2200169 i 4500 | ||
|---|---|---|---|
| 001 | 72730 | ||
| 003 | ES-MaACL | ||
| 007 | t| | ||
| 008 | 040902s1974 sp ||||1| spa d | ||
| 100 | 1 |
_aGoded Echevarría, Federico. _957511 |
|
| 245 | 1 | 0 |
_aRelatividad general _b: estado actual y tendencias previstas / _cFederico Goded Echeverría. |
| 260 |
_a[Madrid] : _bInstituto de España : _bCátedra José María Plans, _c[1974] |
||
| 300 |
_a218 p. ; _c24 cm. |
||
| 710 | 2 |
_aCátedra José María Plans. _92511 |
|
| 710 | 2 |
_aInstituto de España. _94873 |
|
| 852 |
_aES-MaACL _jL-397 _bR.100994 |
||
| 999 |
_c72730 _d72730 |
||